000 00317nam a22001217a 4500
082 _a346.015
_bMAH
100 _aMahmood, M.
245 _aThe Code of Muslim Family Laws /
_cM. Mahmood
260 _aLahore :
_bPakistan Law Research Academy,
_c2015.
300 _a1276 p. ;
_c24 cm.
563 _aHB.
942 _2ddc
_cBK
999 _c616015
_d616015